Регионална библиотека "Любен Каравелов" - Русе

Възрожденска църковна дърворезба (Запис номер 115264)

MARC детайли
000 -Лидер
Контролно поле с фиксирана дължина 01690nam a2200325 c 4500
003 - Код на организацията, давaща контролен номер
Контролно поле BLK
005 - Дата и час на последна редакция
Контролно поле 20180422110309.0
008 - Елементи от данни с фиксирана дължина
fixed length control field 180409b bul|||||r ||||||| ||bul||
010 ## - Наследен системен номер
LC control number KNG00120741000
040 ## - Източник на каталожния запис
Идентификатор на билиотеката - собственик на записа BLK
041 ## - Код за език
Код за езика на текст/звукозапис или на отделно заглавие Български
Код за езика КДБФ Български
080 ## - УДК
Текстов определител УДК Художествена обработка на дърво - Обгаряне (пирография), мозайка (интарзия), стругуване, резбарство, лакиране (Палех, Холуй, Жостово, Мстера, Федоскин
УДК код - определител по УДК 745.51
УДК определител (497.2)
УДК - код + определител 745.51(497.2)
100 1# - Редна дума - Автор
Автор Ангелов, Валентин Ангелов
Авторска отговорност първи автор
R(LIN) 365441
139 ## - Редно поле
Редна дума Ангелов, Валентин Ангелов
Авторски знак Ан - А 64
245 10 - Сведения за заглавието
Заглавие Възрожденска църковна дърворезба
Подзаглавни данни Семант. анализ
Редно поле (дума) Валентин Ангелов Ангелов.
257 ## - Страна на издаване
Страна на създаване/издаване България
260 ## - Област на издателските данни
-- София
Име на издателя, разпространителя и проч. БАН
Година на издаване 1986
300 ## - Физическа характеристика
Страници 176 с.
Илюстрации и др. с ил., 12 л. ил.
Размери/Мащаб 29 см
380 ## - Жанр
Жанр Изкуство
500 ## - Общи забележки
Забележка Авт. не е отбелязан на кор. - Изд. на БАН. Инст. за изкуствознание. - Библиогр. с. 164-165 ; Рез. на рус., англ. ез.
650 #4 - Допълнително описание по предмет – тема
Основно описание – тема или топоним Дърворезба, българска, възрожденска
9 (RLIN) 261632
650 #4 - Допълнително описание по предмет – тема
Основно описание – тема или топоним Дърворезба, българска, църковна - България
9 (RLIN) 242788
653 ## - Ключова дума – ненормативна
Ключова дума дърворезба
653 ## - Ключова дума – ненормативна
Ключова дума Възраждане
852 ## - Местоположение
Форматна сигнатура Цб ІІ 6873
856 4# - Електронен адрес и достъп
Електронен формат pdf - файл
Път до файла /url/
856 4# - Електронен адрес и достъп
Електронен формат pdf - файл
Път до файла /url/
942 ## - АРТИКУЛИ
Вид на библиотечния материал Книги
Скрит в OPAC Не
944 ## - СЪЗДАВАНЕ И РЕДАКЦИЯ на ЗАПИСА
Създаване/Редакция Създаване
Дата на регистрацията/редакция 12.01.2011
Статус, дата на статуса добави в АБ / 11.01.2011
Служител, извършил регистрацията/редакцията Ирена_Линкова
944 ## - СЪЗДАВАНЕ И РЕДАКЦИЯ на ЗАПИСА
Създаване/Редакция Редакция
Дата на регистрацията/редакция 05.10.2012
Статус, дата на статуса добави в АБ / 11.01.2011
Служител, извършил регистрацията/редакцията
999 ## - СИСТЕМНИ КОНТРОЛНИ НОМЕРА
Koha biblionumber 115264
Koha biblioitemnumber 115264
Наличности
Код за отписване Код за изгубен артикул Източник на класификационната схема Код за повреда Коз за рестрикции Код за отдаване Артикулен № Име на библиотеката - собственик Име на библиотеката, в която се намира в момента Статус (Текущо местоположение) Дата на вписване в системата Местоположение - отдел Цена в лева Инвентарен номер Систематично азбучна сигнатура Баркод Номер на екземпляра Цена в евро Служебна бележка Служебен тип на артикула
Изтеглен Не е изгубен Universal Decimal Classification Не е повреден без рестрикции заемане за дома 185099 Регионална библиотека "Любен Каравелов" Русе Регионална библиотека "Любен Каравелов" Русе Отдел Изкуство - подръчен фонд 1986-01-01 Отдел Изкуство - подръчен фонд 5.00 454488 И 745.51/А 64 454488 1 2.56 N: стар фонд Дата: 01.01.1986 Дата инв: 07.06.2012 Бележки инв: * Книги
  Не е изгубен Universal Decimal Classification Не е повреден само за читалня ползва се в читалня 756100 Регионална библиотека "Любен Каравелов" Русе Регионална библиотека "Любен Каравелов" Русе Хранилище 2020-03-04 Основен фонд - ползва се само за читалня 5.00 449138 Цб ІІ 6873 120000449138   2.56   Книги
Vip Innovations Ltd, Rousse, Bulgaria 2025